000 00604nam a2200229Ia 4500
003 OSt
005 20220928135331.0
006 a|||||r|||| 00| 0
007 ta
008 220927b |||||||| |||| 00| 0 eng d
024 _a1201
037 _cTextual
040 _aSDCL
_cSDCL
_beng
041 _2eng
_aeng
082 _aO-jNv, N4
100 _aMarathe Sudhakar Ed.
_9489792
245 0 _aWay of leaving so as to stay
260 _c1994
700 _a Ramanan Mohan Ed.
_9489793
942 _hO-jNv, N4
_cTEXL
_2CC
999 _c805099
_d805099